Pár dní do Vánoc /

Hlavní autor: Bobák, Jindřich František, 1940-
Jazyk: Čeština
Vydáno: Brno : Tribun EU, 2019
Vydání: V Tribunu EU vydání první
Edice: Knihovnicka.cz
Témata:
Fyzický popis: 63 stran : barevné ilustrace ; 26 cm
Knihy
Uloženo v:
LEADER 01498nam a2200421 i 4500
001 nkc20193118438
003 CZ PrNK
005 20190816071548.0
007 ta
008 190723s2019 xr a b 000 j cze
015 |a cnb003118438 
020 |a 978-80-263-1466-0  |q (vázáno) 
035 |a (OCoLC)1111981521 
040 |a ABA001  |b cze  |e rda 
072 7 |a 821.162.3-3  |x Česká próza  |2 Konspekt  |9 25 
072 7 |a 821-93  |x Literatura pro děti a mládež (beletrie)  |2 Konspekt  |9 26 
080 |a 821.162.3-32  |2 MRF 
080 |a 821-93  |2 MRF 
080 |a (0:82-32)  |2 MRF 
100 1 |a Bobák, Jindřich František,  |d 1940-  |7 xx0027961  |4 aut 
245 1 0 |a Pár dní do Vánoc /  |c Jindřich František Bobák 
250 |a V Tribunu EU vydání první 
264 1 |a Brno :  |b Tribun EU,  |c 2019 
300 |a 63 stran :  |b barevné ilustrace ;  |c 26 cm 
336 |a text  |b txt  |2 rdacontent 
337 |a bez média  |b n  |2 rdamedia 
338 |a svazek  |b nc  |2 rdacarrier 
490 1 |a Knihovnicka.cz 
655 7 |a české příběhy  |7 fd133973  |2 czenas 
655 7 |a publikace pro děti  |7 fd133156  |2 czenas 
655 9 |a Czech stories  |2 eczenas 
655 9 |a children's literature  |2 eczenas 
830 0 |a Knihovnicka.cz  |0 s 
910 2 |a BOA001  |b 3-1432.420 
990 |a BK 
995 |a 01 
996 6 |b 2610791980  |c 3-1432.420  |l MZK  |r Sklad / do 1 hodiny  |n 0  |p p.v.  |w 001749034  |u 000010  |a 1  |e BOA001  |j MZK50  |s P 
996 7 |b 2610791981  |c 3-1432.420  |l MZK  |r Sklad / do 1 hodiny  |n 0  |p p.v.  |w 001749034  |u 000020  |a 1  |e BOA001  |j MZK50  |s A